U.S. Policy toward Latin America from regionalism to globalism
Furkejuvvon:
| Váldodahkki: | |
|---|---|
| Materiálatiipa: | Texto |
| Almmustuhtton: |
s.l.:
Westview press
|
| Fáddágilkorat: |
Lasit fáddágilkoriid
Eai fáddágilkorat, Lasit vuosttaš fáddágilkora!
|
MARC
| LEADER | 00000 a a2200000 04500 | ||
|---|---|---|---|
| 001 | 22461 | ||
| 003 | |||
| 040 | |||
| 020 | |a 0-8133-0273-0 | ||
| 090 | |a 152900 | ||
| 100 | |a Molineu, Harold | ||
| 245 | |a U.S. Policy toward Latin America from regionalism to globalism | ||
| 260 | |a s.l.: |b Westview press | ||
| 300 | |a 35 p | ||
| 999 | |c 13886 |d 13886 | ||



